[Event "Principal 2011/2012"]
[Site "Vitrolles"]
[Date "2011.10.08"]
[Round "1"]
[White "Busson, Benoist"]
[Black "Anton, Jose"]
[Result "0-1"]
[WhiteElo "2010"]
[BlackElo "1882"]
[PlyCount "78"]

1. e4 c5 2. b4 cxb4 3. a3 d5 4. exd5 Qxd5 5. Nf3 Nc6 6. axb4 Nxb4 7. Nc3 Qf5 8.
Bb5+ Bd7 9. Bxd7+ Qxd7 10. O-O Nf6 11. Ne5 Qc8 12. Ba3 e6 13. Qe2 a6 14. Rab1
Nc6 15. Bxf8 Kxf8 16. Nc4 Qc7 17. Qe3 Ne7 18. Ne5 Ned5 19. Nxd5 Nxd5 20. Qe4
Rd8 21. c4 Nf6 22. Qf4 Kg8 23. d4 h6 24. g4 Nh7 25. Qe3 Nf6 26. h4 Nd7 27. f4
Nxe5 28. fxe5 Rd7 29. c5 Qd8 30. Rf4 Qxh4 31. Qe4 h5 32. c6 bxc6 33. gxh5 Qg5+
34. Rg4 Qd8 35. Kf2 Rxh5 36. Rbg1 f5 37. exf6 Qxf6+ 38. Rf4 Rf5 39. Rgg4 Rf7
0-1

[Event "Principal 2011/2012"]
[Site "Vitrolles"]
[Date "2011.10.08"]
[Round "1"]
[White "Chauvet, Vincent"]
[Black "Kaser, Simon"]
[Result "1-0"]
[WhiteElo "2071"]
[BlackElo "1800"]
[PlyCount "69"]

1. d4 d5 2. c4 c6 3. Nf3 Nf6 4. e3 e6 5. Bd3 dxc4 6. Bxc4 b5 7. Bd3 a6 8. O-O
Nbd7 9. a4 Bb7 10. Qe2 Be7 11. e4 Nb6 12. b3 b4 13. a5 Nbd7 14. Rd1 Qc7 15. Bc4
O-O 16. Bb2 c5 17. d5 exd5 18. exd5 Bd6 19. h3 Rfe8 20. Qc2 Ne5 21. Nh4 Rad8
22. Nf5 Nxc4 23. bxc4 Be5 24. Nd2 Bxb2 25. Qxb2 Qf4 26. Ng3 Nd7 27. Qxg7+ Kxg7
28. Nh5+ Kf8 29. Nxf4 Ke7 30. Ne4 f5 31. Ng5 Nf6 32. Re1+ Kd7 33. Nge6 Rc8 34.
Nd3 Kd6 35. Ng7 1-0

[Event "Principal 2011/2012"]
[Site "Vitrolles"]
[Date "2011.10.08"]
[Round "1"]
[White "Burmonas, Romain"]
[Black "Milesi, Laurent"]
[Result "0-1"]
[WhiteElo "1838"]
[BlackElo "2111"]
[PlyCount "58"]

1. e4 e6 2. d3 d5 3. Nd2 c5 4. Ngf3 Nc6 5. g3 Nf6 6. Bg2 Be7 7. O-O b6 8. c3
Bb7 9. Re1 Qc7 10. Nf1 O-O-O 11. Qc2 h6 12. a3 g5 13. b4 dxe4 14. dxe4 g4 15.
N3d2 Ne5 16. Ne3 h5 17. Bb2 c4 18. Red1 h4 19. a4 hxg3 20. hxg3 Rh5 21. Ndf1
Rdh8 22. Nd2 Nfd7 23. Ba3 f5 24. Qa2 Nf6 25. Nexc4 Nxe4 26. Nxe5 Qxe5 27. Re1
Nxd2 28. f4 Qd6 29. b5 Qc5+ 0-1

[Event "Principal 2011/2012"]
[Site "Vitrolles"]
[Date "2011.10.08"]
[Round "1"]
[White "Flores, Adrian"]
[Black "Battaglia, Gerard"]
[Result "1-0"]
[WhiteElo "1899"]
[BlackElo "1847"]
[PlyCount "47"]

1. Nf3 d5 2. d4 e6 3. c4 c5 4. e3 cxd4 5. exd4 dxc4 6. Nc3 Bb4 7. Bxc4 Qc7 8.
Qa4+ Nc6 9. O-O Bd7 10. Nb5 Qb8 11. d5 exd5 12. Bxd5 Nge7 13. Bxc6 Nxc6 14. a3
Be7 15. Bf4 Qc8 16. Nc7+ Kf8 17. Nxa8 Qxa8 18. Rad1 Be6 19. Nd4 Nxd4 20. Qxd4
h6 21. Be5 Rg8 22. Bd6 b6 23. Rfe1 Qc6 24. Qb4 1-0

[Event "Principal 2011/2012"]
[Site "Vitrolles"]
[Date "2011.10.08"]
[Round "1"]
[White "Noireaut, Hung"]
[Black "Miguel, Alain"]
[Result "1-0"]
[WhiteElo "1884"]
[BlackElo "1856"]
[PlyCount "75"]

1. e4 d5 2. exd5 Qxd5 3. Nc3 Qd6 4. d4 Nf6 5. Bc4 a6 6. Nge2 b5 7. Bb3 Bb7 8.
f3 e6 9. Bf4 Qb6 10. Qd2 Nbd7 11. Be3 Rd8 12. Rd1 c5 13. d5 Ne5 14. Bf4 Ng6 15.
Qe3 Nxf4 16. Nxf4 Be7 17. dxe6 Rxd1+ 18. Nxd1 Qa5+ 19. c3 c4 20. exf7+ Kxf7 21.
Bc2 Qc7 22. Ne6 Qd6 23. Ng5+ Kf8 24. O-O h6 25. Ne6+ Kf7 26. Nf4 Ra8 27. Re1
Qc5 28. Bg6+ Kg8 29. Ne6 Qxe3+ 30. Nxe3 Rc8 31. Nf5 Bc5+ 32. Nxc5 Rxc5 33. Re7
Bc8 34. Rxg7+ Kh8 35. Rf7 Bxf5 36. Rxf6 Bc8 37. Be4 h5 38. Rc6 1-0

[Event "Principal 2011/2012"]
[Site "Vitrolles"]
[Date "2011.11.05"]
[Round "2"]
[White "Anton, Jose"]
[Black "Chauvet, Vincent"]
[Result "0-1"]
[WhiteElo "1885"]
[BlackElo "2078"]
[PlyCount "118"]

1. e4 e5 2. d4 exd4 3. c3 d5 4. exd5 Qxd5 5. cxd4 Nc6 6. Nf3 Bg4 7. Nc3 Bb4 8.
Be2 Bxf3 9. Bxf3 Qc4 10. Bxc6+ bxc6 11. Qe2+ Qxe2+ 12. Kxe2 O-O-O 13. Be3 Ne7
14. Kd3 c5 15. Kc4 Bxc3 16. bxc3 Nd5 17. Rad1 Rhe8 18. Rhe1 Kb7 19. Bg5 Nb6+
20. Kb3 c4+ 21. Kc2 f6 22. Bc1 Nd5 23. f3 Rxe1 24. Rxe1 Kc6 25. Re6+ Kd7 26.
Re4 h5 27. Bd2 Rh8 28. Kb2 Rb8+ 29. Kc2 Rb5 30. Rh4 Ke6 31. Re4+ Kf7 32. h3 Rb8
33. Bf4 Rb5 34. Bd2 Rb6 35. Bc1 Ra6 36. Kb2 g6 37. Bd2 Rb6+ 38. Kc2 Rb8 39. Kc1
Rd8 40. Kc2 c6 41. Kb2 Rd7 42. Kc2 Ne7 43. Bc1 Nf5 44. Bd2 Nd6 45. Re3 Rb7 46.
Bc1 g5 47. Ba3 Nf5 48. Re2 Ng7 49. Re4 Ne6 50. Bc1 Rb5 51. Bd2 Nf8 52. Bc1 Ng6
53. g3 Rf5 54. f4 gxf4 55. Bxf4 h4 56. Kd2 Ra5 57. gxh4 Rxa2+ 58. Ke3 Nxh4 59.
Bd6 Nf5+ 0-1

[Event "Principal 2011/2012"]
[Site "Vitrolles"]
[Date "2011.11.05"]
[Round "2"]
[White "Kaser, Simon"]
[Black "Burmonas, Romain"]
[Result "0-1"]
[WhiteElo "1808"]
[BlackElo "1829"]
[PlyCount "54"]

1. d4 d5 2. c4 c6 3. Nc3 e6 4. Nf3 dxc4 5. e3 b5 6. a4 Bb4 7. Bd2 a5 8. axb5
Bxc3 9. Bxc3 cxb5 10. d5 Nf6 11. b3 Bb7 12. bxc4 b4 13. Bxf6 Qxf6 14. Qa4+ Nd7
15. Nd4 Ke7 16. d6+ Kxd6 17. Rd1 Rhd8 18. Qb5 Kc7 19. c5 e5 20. Nb3 Bc6 21. Qc4
a4 22. Rd6 Qe7 23. Rxc6+ Kxc6 24. Qe4+ Kc7 25. Nd4 Qxc5 26. Nb5+ Kb6 27. Bc4
Nf6 0-1

[Event "Principal 2011/2012"]
[Site "Vitrolles"]
[Date "2011.11.05"]
[Round "2"]
[White "Miguel, Alain"]
[Black "Milesi, Laurent"]
[Result "0-1"]
[WhiteElo "1859"]
[BlackElo "2130"]
[PlyCount "81"]

1. d4 e6 2. Nf3 f5 3. g3 b6 4. Bg2 Bb7 5. O-O Nf6 6. c4 Be7 7. d5 Qc8 8. Nc3
O-O 9. Nd4 Na6 10. Bf4 Nc5 11. Ndb5 Ne8 12. dxe6 dxe6 13. Bxb7 Qxb7 14. Qc2 Bf6
15. Rad1 a6 16. b4 axb5 17. bxc5 b4 18. Nb5 bxc5 19. Rd7 Rf7 20. Rfd1 Rxd7 21.
Rxd7 Qc6 22. Rd2 g5 23. Be3 Nd6 24. f3 Nxb5 25. cxb5 Qxb5 26. Qxc5 Qxc5 27.
Bxc5 Bc3 28. Rc2 Kf7 29. Kf2 h5 30. e3 e5 31. Ke2 Ra5 32. Bxb4 Bxb4 33. Rxc7+
Ke6 34. Rc2 Ra3 35. e4 fxe4 36. fxe4 Bc3 37. Kd3 Bd4+ 38. Kd2 Kd6 39. Kd1 g4
40. Rd2 Kc5 41. Kc2 0-1

[Event "Principal 2011/2012"]
[Site "Vitrolles"]
[Date "2011.11.05"]
[Round "2"]
[White "Battaglia, Gerard"]
[Black "Busson, Benoist"]
[Result "1/2-1/2"]
[WhiteElo "1843"]
[BlackElo "2016"]
[PlyCount "81"]

1. d4 d5 2. c4 e6 3. Nc3 c5 4. e3 Nc6 5. Nf3 Nf6 6. a3 Ne4 7. cxd5 exd5 8. Bb5
Nxc3 9. bxc3 Qa5 10. Qb3 c4 11. Bxc6+ bxc6 12. Qc2 f6 13. O-O Bd6 14. e4 Bg4
15. Nd2 Qc7 16. h3 h5 17. Re1 Kf7 18. exd5 cxd5 19. hxg4 hxg4 20. Qf5 Bh2+ 21.
Kf1 Qd6 22. Qxg4 Bf4 23. Nf3 Rh1+ 24. Ke2 Re8+ 25. Be3 Rhh8 26. Kd2 Re4 27. Qf5
g6 28. Bxf4 Qxf4+ 29. Qxf4 Rxf4 30. Re3 Rb8 31. Ra2 g5 32. g3 Rf5 33. Ke2 Rb1
34. a4 g4 35. Nh4 Rh5 36. Ng2 Rhh1 37. Nf4 Rhe1+ 38. Kd2 Red1+ 39. Kc2 Rbc1+
40. Kb2 Rb1+ 41. Kc2 1/2-1/2

[Event "Principal 2011/2012"]
[Site "Vitrolles"]
[Date "2011.11.05"]
[Round "2"]
[White "Noireaut, Hung"]
[Black "Flores, Adrian"]
[Result "1/2-1/2"]
[WhiteElo "1875"]
[BlackElo "1905"]
[PlyCount "63"]
[EventDate "2011.??.??"]

1. e4 c5 2. Nc3 Nc6 3. g3 e5 4. Bg2 Nf6 5. d3 Be7 6. f4 d6 7. Nf3 O-O 8. O-O g6
9. fxe5 dxe5 10. Bh6 Re8 11. Qd2 Bg4 12. h3 Bxf3 13. Rxf3 Nd4 14. Rf2 Ne6 15.
Raf1 c4 16. Nd5 Bc5 17. Be3 Bxe3 18. Qxe3 Nxd5 19. exd5 Ng7 20. dxc4 Nf5 21.
Qb3 Qc7 22. g4 Nd6 23. Qc3 Rac8 24. Rf6 b6 25. b3 Re7 26. Qg3 Qc5+ 27. Qf2 Ne8
28. Qxc5 Rxc5 29. R6f3 f6 30. Rd3 Kg7 31. Rd2 Nd6 32. Kf2 1/2-1/2

[Event "Principal 2011/2012"]
[Site "Vitrolles"]
[Date "2011.11.26"]
[Round "3"]
[White "Flores, Adrian"]
[Black "Miguel, Alain"]
[Result "1-0"]
[WhiteElo "1905"]
[BlackElo "1859"]
[PlyCount "57"]

1. d4 d5 2. c4 c6 3. Nc3 Nf6 4. cxd5 cxd5 5. Nf3 Nc6 6. Bf4 a6 7. a3 Nh5 8. Bd2
g6 9. e3 Bg7 10. Bd3 O-O 11. Rc1 Bg4 12. h3 Bxf3 13. Qxf3 e5 14. Nxd5 exd4 15.
e4 Re8 16. O-O Ne5 17. Qe2 Qh4 18. Nc7 g5 19. Rc5 Rac8 20. Rfc1 Red8 21. Nd5
Rxc5 22. Ne7+ Kf8 23. Nf5 Rxc1+ 24. Bxc1 Nf4 25. Qc2 Nexd3 26. Nxh4 Nxc1 27.
Nf5 h6 28. Qc7 Re8 29. Nd6 1-0

[Event "Principal 2011/2012"]
[Site "Vitrolles"]
[Date "2011.11.26"]
[Round "3"]
[White "Busson, Benoist"]
[Black "Noireaut, Hung"]
[Result "0-1"]
[WhiteElo "2016"]
[BlackElo "1875"]
[PlyCount "86"]

1. d4 d5 2. e4 dxe4 3. Nc3 Nf6 4. f3 exf3 5. Nxf3 Bg4 6. h3 Bh5 7. g4 Bg6 8.
Ne5 e6 9. Bg2 c6 10. g5 Nd5 11. Qe2 Bb4 12. Nxg6 Nxc3 13. Qc4 Nd5+ 14. c3 hxg6
15. cxb4 Qd6 16. Bxd5 exd5 17. Qc3 Na6 18. Bd2 Qe6+ 19. Kd1 Kd7 20. Kc2 f5 21.
Rae1 Qf7 22. Qg3 Rae8 23. a3 Re4 24. Rxe4 dxe4 25. b3 Nc7 26. Bf4 Nd5 27. Be5
Rh5 28. h4 f4 29. Qg4+ Qe6 30. Qe2 Qf5 31. b5 c5 32. Kb2 cxd4 33. Bxd4 e3 34.
Qf3 Ke6 35. Bxg7 Rh7 36. Bd4 Rc7 37. Rc1 Rxc1 38. Kxc1 Qd3 39. Bb2 Qd2+ 40. Kb1
e2 41. Qg4+ Kd6 42. Qc8 e1=Q+ 43. Ka2 Nc3+ 0-1

[Event "Principal 2011/2012"]
[Site "Vitrolles"]
[Date "2011.11.26"]
[Round "3"]
[White "Chauvet, Vincent"]
[Black "Battaglia, Gerard"]
[Result "1-0"]
[WhiteElo "2078"]
[BlackElo "1843"]
[PlyCount "81"]

1. d4 Nf6 2. c4 c5 3. d5 b5 4. Nf3 g6 5. cxb5 e6 6. Nc3 Bb7 7. e4 Bg7 8. Bc4
exd5 9. exd5 Qe7+ 10. Qe2 Qxe2+ 11. Kxe2 O-O 12. Bf4 a6 13. b6 Re8+ 14. Kd3 Ng4
15. Rhf1 d6 16. h3 Ne5+ 17. Bxe5 dxe5 18. Ng5 Nd7 19. Nge4 Nxb6 20. Nxc5 Bxd5
21. Bxd5 Red8 22. Rad1 Nxd5 23. Nxd5 Rxd5+ 24. Kc4 Rxd1 25. Rxd1 Rc8 26. b4 Bf8
27. Rd5 f6 28. Rd7 a5 29. a3 axb4 30. axb4 f5 31. Rd5 e4 32. g4 fxg4 33. hxg4
Re8 34. b5 e3 35. fxe3 Rxe3 36. b6 Re8 37. b7 Rb8 38. Rd7 Bxc5 39. Kxc5 h5 40.
gxh5 gxh5 41. Rc7 1-0

[Event "Principal 2011/2012"]
[Site "Vitrolles"]
[Date "2011.11.26"]
[Round "3"]
[White "Burmonas, Romain"]
[Black "Anton, Jose"]
[Result "1-0"]
[WhiteElo "1829"]
[BlackElo "1885"]
[PlyCount "37"]

1. e4 c5 2. Nc3 a6 3. f4 b5 4. Nf3 Bb7 5. d4 b4 6. Na4 cxd4 7. Qxd4 Nc6 8. Qf2
Nf6 9. Nc5 Qb6 10. Nxb7 Qxb7 11. Bd3 d5 12. Ng5 h6 13. e5 Ng4 14. Qh4 h5 15. h3
Nh6 16. Qxh5 g6 17. Bxg6 fxg6 18. Qxg6+ Kd8 19. Ne6+ 1-0

[Event "Principal 2011/2012"]
[Site "Vitrolles"]
[Date "2011.11.26"]
[Round "3"]
[White "Milesi, Laurent"]
[Black "Kaser, Simon"]
[Result "1-0"]
[WhiteElo "2130"]
[BlackElo "1808"]
[PlyCount "47"]

1. e4 c5 2. Nf3 d6 3. d4 cxd4 4. Qxd4 Nc6 5. Bb5 e5 6. Qd3 Be7 7. c4 Be6 8. Nc3
h6 9. O-O Nf6 10. Rd1 O-O 11. b3 Nd7 12. Bb2 Nb4 13. Qe2 a6 14. Bxd7 Qxd7 15.
Nxe5 Qc7 16. Nd3 Nc6 17. Nf4 Bd7 18. Ncd5 Qd8 19. Nxe7+ Qxe7 20. Nd5 Qh4 21. g3
Qd8 22. Qe3 Be6 23. Nb6 Rb8 24. c5 1-0

[Event "Principal 2011/2012"]
[Site "Vitrolles"]
[Date "2011.12.17"]
[Round "4"]
[White "Miguel, Alain"]
[Black "Kaser, Simon"]
[Result "0-1"]
[WhiteElo "1859"]
[BlackElo "1808"]
[PlyCount "70"]

1. d4 d5 2. Nf3 Nf6 3. c4 c6 4. Qc2 g6 5. c5 Bg7 6. Nc3 Bf5 7. Qb3 b6 8. cxb6
axb6 9. e3 O-O 10. Be2 Ne8 11. O-O Nd6 12. Rd1 Nd7 13. h3 Nf6 14. Ne5 Qc7 15.
Bd2 Nfe4 16. Rac1 Nxc3 17. Qxc3 c5 18. a3 Ne4 19. Qb3 Qd6 20. Nf3 Bd7 21. dxc5
bxc5 22. Bb5 c4 23. Bxc4 dxc4 24. Qxc4 Qe6 25. Qc7 Ba4 26. Rf1 Nxd2 27. Nxd2
Rfc8 28. Qb7 Bc6 29. Qb6 Rab8 30. Qa5 Rb5 31. Qa6 Rxb2 32. Nc4 Rbb8 33. Nb6 Qe4
34. f3 Qxe3+ 35. Kh1 Qxb6 0-1

[Event "Principal 2011/2012"]
[Site "Vitrolles"]
[Date "2011.12.17"]
[Round "4"]
[White "Anton, Jose"]
[Black "Milesi, Laurent"]
[Result "0-1"]
[WhiteElo "1885"]
[BlackElo "2130"]
[PlyCount "64"]

1. e4 e6 2. d4 d5 3. e5 c5 4. c3 Nc6 5. Nf3 Qb6 6. a3 Nh6 7. b4 cxd4 8. cxd4
Nf5 9. Be3 f6 10. Bd3 Nxe3 11. fxe3 Bd7 12. exf6 gxf6 13. O-O Bd6 14. Nc3 O-O-O
15. Rc1 a6 16. b5 axb5 17. Nxb5 Be7 18. Rb1 Qa5 19. Qb3 Qa8 20. Nd2 Kb8 21. e4
Na5 22. Qb2 Bc6 23. e5 fxe5 24. dxe5 Rhg8 25. Nf3 Nc4 26. Qd4 Qa5 27. Bxc4 dxc4
28. Qxc4 Bd5 29. Qd3 Ba2 30. Qxh7 Bxb1 31. Rxb1 Bc5+ 32. Kh1 Qxb5 0-1

[Event "Principal 2011/2012"]
[Site "Vitrolles"]
[Date "2011.12.17"]
[Round "4"]
[White "Battaglia, Gerard"]
[Black "Burmonas, Romain"]
[Result "0-1"]
[WhiteElo "1843"]
[BlackElo "1829"]
[PlyCount "82"]

1. d4 d5 2. c4 c6 3. Nc3 Nf6 4. Nf3 e6 5. e3 Nbd7 6. Bd3 dxc4 7. Bxc4 b5 8. Bd3
Bb7 9. O-O Be7 10. b3 O-O 11. Bb2 a6 12. Qe2 c5 13. Rfd1 Qb6 14. Rac1 Rac8 15.
Ne5 Rfd8 16. a4 b4 17. Nb1 Nxe5 18. dxe5 Qc6 19. Qf1 Nd5 20. Be4 Qc7 21. Re1
Bg5 22. f4 Bh6 23. Qf3 Ba8 24. Rc2 a5 25. Nd2 Nb6 26. Bxa8 Rxa8 27. Ne4 c4 28.
bxc4 Nxa4 29. Bd4 b3 30. Rcc1 Rab8 31. Nd6 Nc5 32. Rb1 a4 33. Qd1 Qa5 34. g3
Nb7 35. Qc1 Nxd6 36. exd6 Rxd6 37. Be5 Rdb6 38. Bxb8 Rxb8 39. Rd1 a3 40. Ra1 b2
41. Qb1 Qa7 0-1

[Event "Principal 2011/2012"]
[Site "Vitrolles"]
[Date "2011.12.17"]
[Round "4"]
[White "Noireaut, Hung"]
[Black "Chauvet, Vincent"]
[Result "0-1"]
[WhiteElo "1875"]
[BlackElo "2078"]
[PlyCount "134"]

1. e4 e5 2. Nf3 Nc6 3. d4 exd4 4. Nxd4 Bc5 5. Be3 Qf6 6. c3 Nge7 7. Bc4 b6 8.
Qd2 O-O 9. b4 Bxd4 10. cxd4 Qg6 11. f3 Kh8 12. a3 Bb7 13. O-O Nd8 14. Nc3 Rc8
15. d5 f6 16. Nb5 Nf7 17. Nxa7 Ra8 18. Nb5 Rac8 19. Ba2 Ba6 20. Bc4 Ne5 21. Be2
Bxb5 22. Bxb5 c6 23. Be2 cxd5 24. exd5 Rc2 25. Qd1 Nxd5 26. Qxd5 Rxe2 27. Bf2
Rd2 28. Qe4 Qxe4 29. fxe4 b5 30. a4 bxa4 31. Rxa4 Kg8 32. Rb1 Rc8 33. Be3 Re2
34. Bc5 Rxe4 35. Ra3 Rc4 36. Rb2 Kf7 37. Rh3 h6 38. Rd2 Ra8 39. Rg3 h5 40. h3
Ra1+ 41. Kf2 Rcc1 42. Rb3 h4 43. Re2 Ke6 44. Bd4 Ra8 45. b5 Rc4 46. Bb2 Rb8 47.
b6 Rb7 48. Rb5 d6 49. Ke3 Kd7 50. Rd2 Ke6 51. Bd4 Nc6 52. Bb2 Rc5 53. Rxd6+
Kxd6 54. Ba3 Re7+ 55. Kf2 Ree5 56. b7 Nb8 57. Kf3 Kc6 58. Rxc5+ Rxc5 59. Bxc5
Kxc5 60. Kg4 g6 61. Kxh4 Kb6 62. Kg4 Kxb7 63. h4 Kc7 64. h5 gxh5+ 65. Kxh5 Kd6
66. g4 Nd7 67. g5 f5 0-1

[Event "Principal 2011/2012"]
[Site "Vitrolles"]
[Date "2011.12.17"]
[Round "4"]
[White "Flores, Adrian"]
[Black "Busson, Benoist"]
[Result "1/2-1/2"]
[WhiteElo "1905"]
[BlackElo "2016"]
[PlyCount "88"]

1. d4 d5 2. c4 e5 3. dxe5 d4 4. Nf3 Nc6 5. a3 Bg4 6. Bf4 Nge7 7. Nbd2 Ng6 8.
Bg3 a5 9. h3 Bxf3 10. Nxf3 Bc5 11. Qc2 Qe7 12. Rd1 O-O 13. h4 Rad8 14. h5 Ngxe5
15. Nxe5 Nxe5 16. Bxe5 Qxe5 17. Rd3 h6 18. g3 f5 19. Rh4 f4 20. gxf4 Rxf4 21.
Rxf4 Qxf4 22. Bg2 c6 23. Qd2 Qh2 24. Bf1 Rf8 25. Rf3 Rxf3 26. exf3 b6 27. Qe2
Qxh5 28. Qe6+ Qf7 29. Qxc6 Kf8 30. Bh3 Qe7+ 31. Qe4 Kf7 32. Kd2 Qxe4 33. fxe4
g5 34. Bg4 Kf6 35. Kd3 Ke5 36. f3 Kf4 37. b4 axb4 38. axb4 Bxb4 39. Kxd4 Bd6
40. Kd5 Bc5 41. Ke6 Bd4 42. Kf7 Bc5 43. Kg7 Ke5 44. Kxh6 Be3 1/2-1/2

[Event "Principal 2011/2012"]
[Site "Vitrolles"]
[Date "2012.01.07"]
[Round "5"]
[White "Busson, Benoist"]
[Black "Miguel, Alain"]
[Result "1-0"]
[WhiteElo "2001"]
[BlackElo "1868"]
[PlyCount "49"]

1. e4 d5 2. exd5 Qxd5 3. Nc3 Qd6 4. d4 Nf6 5. Nf3 c6 6. Ne5 Nbd7 7. Bf4 Nd5 8.
Nxd5 Qxd5 9. Be2 Nxe5 10. Bxe5 f6 11. Bf4 Be6 12. O-O Rd8 13. c3 Qf5 14. Bg3 h5
15. Bd3 Qg5 16. Qe2 Bc8 17. Qe4 g6 18. Bf4 Bf5 19. Bxg5 Bxe4 20. Bxe4 fxg5 21.
Bxg6+ Kd7 22. Rfe1 Bg7 23. Bf5+ Kd6 24. Re6+ Kd5 25. Rxe7 1-0

[Event "Principal 2011/2012"]
[Site "Vitrolles"]
[Date "2012.01.07"]
[Round "5"]
[White "Chauvet, Vincent"]
[Black "Flores, Adrian"]
[Result "1-0"]
[WhiteElo "2076"]
[BlackElo "1899"]
[PlyCount "67"]

1. d4 Nf6 2. c4 c5 3. d5 b5 4. Nf3 g6 5. cxb5 a6 6. b6 Qxb6 7. Nc3 d6 8. e4 Bg7
9. Be2 O-O 10. O-O Nbd7 11. Nd2 Ne5 12. Kh1 Ne8 13. f4 Nd7 14. Nc4 Qb8 15. a4
Nb6 16. Ne3 Bd7 17. Qc2 Nf6 18. Bf3 Re8 19. Bd2 h5 20. Rae1 Ng4 21. Bxg4 hxg4
22. a5 Nc8 23. f5 g3 24. fxg6 fxg6 25. e5 Qb4 26. Ne2 Qh4 27. Nxg3 Qh7 28. e6
Bb5 29. Rf4 Rf8 30. Rg4 Rf2 31. Kg1 Rf6 32. Bc3 Be8 33. Qe4 Rb8 34. Rh4 1-0

[Event "Principal 2011/2012"]
[Site "Vitrolles"]
[Date "2012.01.07"]
[Round "5"]
[White "Milesi, Laurent"]
[Black "Battaglia, Gerard"]
[Result "1-0"]
[WhiteElo "2137"]
[BlackElo "1833"]
[PlyCount "111"]

1. Nf3 Nf6 2. b3 g6 3. Bb2 d5 4. g3 Bg7 5. Bg2 O-O 6. O-O c5 7. d3 Nc6 8. Nbd2
Qc7 9. Re1 e5 10. e4 d4 11. h3 b5 12. a4 bxa4 13. Rxa4 Nb4 14. Nc4 Bd7 15. Ra5
Ne8 16. c3 dxc3 17. Bxc3 f6 18. Qd2 Nd6 19. Bxb4 Nxc4 20. bxc4 cxb4 21. Qxb4
Rfb8 22. Qc3 Bf8 23. c5 Be6 24. Rea1 Rb3 25. Qc2 Rd8 26. Bf1 Rc8 27. Ra6 Bf7
28. Rxf6 Bxc5 29. Rxf7 Qxf7 30. Nxe5 Qe6 31. Nc4 Rb7 32. Kg2 Rf7 33. f4 Bd4 34.
Rb1 a5 35. Be2 h5 36. Bf3 Rcc7 37. Rb5 Qa6 38. Qa4 Bc3 39. e5 Kg7 40. Be4 Qa7
41. Qb3 Bb4 42. Rb6 Rf5 43. Bxf5 gxf5 44. Rb5 Be1 45. Qb2 a4 46. e6+ Kh7 47.
Rxf5 Rg7 48. Rxh5+ Kg8 49. g4 Qa8+ 50. Kg1 Bg3 51. f5 Qa7+ 52. Kg2 Bc7 53. f6
Qa8+ 54. Kg1 a3 55. f7+ Kf8 56. Qb4+ 1-0

[Event "Principal 2011/2012"]
[Site "Vitrolles"]
[Date "2012.01.07"]
[Round "5"]
[White "Kaser, Simon"]
[Black "Anton, Jose"]
[Result "1/2-1/2"]
[WhiteElo "1796"]
[BlackElo "1889"]
[PlyCount "99"]

1. d4 Nf6 2. Nf3 d5 3. c4 e6 4. cxd5 exd5 5. Nc3 c6 6. Bg5 Be7 7. Qc2 O-O 8. e3
Nbd7 9. Bd3 b6 10. O-O Bb7 11. Rfe1 Re8 12. e4 dxe4 13. Nxe4 h6 14. Bh4 Nxe4
15. Bxe7 Rxe7 16. Bxe4 Nf6 17. Bd3 Qd6 18. Rxe7 Qxe7 19. Re1 Qd6 20. Bc4 Rd8
21. Ne5 Nd5 22. Bd3 Nf6 23. Bc4 Nd5 24. Bd3 Re8 25. h3 Re7 26. Be4 Nf6 27. Nf3
Nxe4 28. Rxe4 c5 29. Rxe7 Qxe7 30. dxc5 Bxf3 31. gxf3 Qxc5 32. Qxc5 bxc5 33.
Kf1 Kf8 34. Ke2 Ke7 35. Kd3 Kd6 36. Kc4 Kc6 37. f4 g6 38. h4 f6 39. f3 Kd6 40.
a4 g5 41. hxg5 fxg5 42. fxg5 hxg5 43. b3 Ke5 44. Kd3 Kd5 45. Kc3 Ke5 46. Kd3
Kf4 47. Ke2 Kf5 48. Ke3 Ke5 49. Kd3 Kd5 50. Kc3 1/2-1/2

[Event "Principal 2011/2012"]
[Site "Vitrolles"]
[Date "2012.01.28"]
[Round "6"]
[White "Busson, Benoit"]
[Black "Chauvet, Vincent"]
[Result "0-1"]
[WhiteElo "2001"]
[BlackElo "2076"]
[PlyCount "142"]

1. e4 e5 2. f4 exf4 3. Bc4 Nf6 4. Nc3 c6 5. Bb3 d5 6. exd5 cxd5 7. d4 Bd6 8.
Nf3 O-O 9. O-O Bc7 10. Nb5 Bg4 11. Nxc7 Qxc7 12. Qd3 Nc6 13. c3 Rfe8 14. h3 Bh5
15. Qf5 Bg6 16. Qxf4 Qb6 17. Bd2 Na5 18. Ne5 Nxb3 19. axb3 Qxb3 20. Nxg6 hxg6
21. Qf2 Qc2 22. Rac1 Qd3 23. Rce1 Rxe1 24. Bxe1 Re8 25. Qf4 Qe3+ 26. Qxe3 Rxe3
27. Kf2 Re6 28. Kf3 Ne4 29. Rg1 Rb6 30. Bg3 Rxb2 31. Ra1 Rb3 32. Be1 a6 33. Ra5
Rb1 34. Ke2 Rb2+ 35. Kf3 Nf6 36. Bh4 Rb6 37. Rc5 Kf8 38. Kf4 Rc6 39. Ra5 b5 40.
Bxf6 gxf6 41. h4 Kg7 42. g4 Re6 43. Ra1 Kh6 44. Ra2 Kg7 45. Ra1 Rc6 46. Ra3 Kf8
47. Kf3 g5 48. hxg5 fxg5 49. Ke3 Kg7 50. Kd3 Kg6 51. Ra1 f5 52. gxf5+ Kxf5 53.
Rf1+ Kg4 54. Rg1+ Kh5 55. Rh1+ Kg6 56. Rh8 Rd6 57. Rg8+ Kf5 58. Re8 Kf4 59.
Rf8+ Kg3 60. Ke2 g4 61. Kf1 Rc6 62. Rf5 Rxc3 63. Rxd5 Kf3 64. Rc5 Rd3 65. Rf5+
Ke4 66. Rf6 a5 67. Rg6 Kxd4 68. Rxg4+ Kc3 69. Ke2 Rd2+ 70. Ke1 Rd4 71. Rg8 a4
0-1

[Event "Principal 2011/2012"]
[Site "Vitrolles"]
[Date "2012.01.28"]
[Round "6"]
[White "Miguel, Alain"]
[Black "Anton, Jose"]
[Result "1-0"]
[WhiteElo "1865"]
[BlackElo "1889"]
[PlyCount "97"]

1. d4 d5 2. Nf3 e6 3. c4 c6 4. Qc2 f5 5. g3 Nf6 6. Bg2 Bd6 7. O-O O-O 8. b3 Qe7
9. a4 Nbd7 10. Nc3 Ne4 11. e3 a5 12. Bb2 b6 13. Rfd1 Bb7 14. Nd2 Kh8 15. f3
Nxc3 16. Bxc3 Qg5 17. Qd3 Rf6 18. e4 Rh6 19. e5 Be7 20. Nf1 Qh5 21. Bd2 g5 22.
h3 Qf7 23. Rac1 Rg6 24. Rc2 c5 25. Be3 Rag8 26. Bf2 f4 27. Nd2 Qg7 28. cxd5
Bxd5 29. Qb5 Bf8 30. g4 h5 31. Nc4 hxg4 32. hxg4 Rh6 33. Nxb6 Nxb6 34. Qxb6 Qh7
35. Rdc1 cxd4 36. Rc7 Qd3 37. Bxd4 Bxf3 38. R7c3 Qd2 39. Bxf3 Bb4 40. Rd1 Qh2+
41. Kf1 Bxc3 42. Bxc3 Qg3 43. Qf2 Qh3+ 44. Ke2 Rc8 45. Bxa5 Rh7 46. Rh1 Rc2+
47. Bd2 Qg3 48. Rxh7+ Kxh7 49. Be4+ 1-0

[Event "Principal 2011/2012"]
[Site "Vitrolles"]
[Date "2012.01.28"]
[Round "6"]
[White "Battaglia, Gerard"]
[Black "Kaser, Simon"]
[Result "1-0"]
[WhiteElo "1833"]
[BlackElo "1796"]
[PlyCount "57"]

1. d4 d5 2. c4 c6 3. Bf4 Nf6 4. e3 Bf5 5. Nc3 e6 6. Nf3 Nbd7 7. Nh4 Bg6 8. Nxg6
hxg6 9. h3 Be7 10. Qb3 Qc8 11. cxd5 exd5 12. Bd3 Nf8 13. O-O Ne6 14. Bg3 Qd7
15. Rac1 b6 16. f4 O-O 17. f5 gxf5 18. Bxf5 g6 19. Bb1 Nh5 20. Be5 Nhg7 21. Ne2
c5 22. Rf2 cxd4 23. exd4 Bg5 24. Rcf1 f6 25. Bxf6 Bxf6 26. Rxf6 g5 27. Qd3 Rxf6
28. Rxf6 Ne8 29. Qg6+ 1-0

[Event "Principal 2011/2012"]
[Site "Vitrolles"]
[Date "2012.01.28"]
[Round "6"]
[White "Flores, Adrian"]
[Black "Burmonas, Romain"]
[Result "1/2-1/2"]
[WhiteElo "1899"]
[BlackElo "1832"]
[PlyCount "71"]

1. d4 d5 2. c4 c6 3. Nc3 Nf6 4. Nf3 e6 5. cxd5 exd5 6. Bg5 Be7 7. h3 Nbd7 8.
Qc2 O-O 9. e3 Re8 10. Bd3 h6 11. Bf4 Nf8 12. O-O Ne6 13. Bh2 g5 14. Ne5 Bf8 15.
f4 Bg7 16. fxg5 Nxg5 17. Bf4 Be6 18. Qf2 Qe7 19. Rae1 Rad8 20. h4 Nge4 21. Bxe4
Nxe4 22. Nxe4 dxe4 23. Qg3 Kh7 24. Ng4 Bxd4 25. exd4 Rg8 26. Rxe4 f5 27. Re5
Rxg4 28. Qe3 Rg6 29. Rxf5 Qxh4 30. Re5 Rdg8 31. Rf2 Qg4 32. Re2 Bc4 33. Re7+
R8g7 34. Rxg7+ Rxg7 35. Qe4+ Qg6 36. Qxg6+ 1/2-1/2

[Event "Principal 2011/2012"]
[Site "Vitrolles"]
[Date "2012.01.28"]
[Round "6"]
[White "Noireaut, Hung"]
[Black "Milesi, Laurent"]
[Result "1/2-1/2"]
[WhiteElo "1880"]
[BlackElo "2137"]
[PlyCount "79"]

1. e4 e6 2. d3 d5 3. Nd2 Nf6 4. g3 c5 5. Bg2 Nc6 6. Ngf3 Be7 7. O-O b6 8. e5
Nd7 9. Re1 Qc7 10. Qe2 Bb7 11. a4 g5 12. Nb3 g4 13. Ng5 Qxe5 14. Qd1 Qf5 15. c4
O-O-O 16. cxd5 exd5 17. Rxe7 Nxe7 18. h3 h5 19. Qc2 Ne5 20. Bf1 d4 21. Bf4 Qxg5
22. Bxg5 Nf3+ 23. Kg2 Nxg5+ 24. f3 Nf5 25. Kf2 Ne3 26. Qc1 Bxf3 27. Nxc5 Kb8
28. Na6+ Kb7 29. Qc7+ Kxa6 30. a5 b5 31. Rc1 Rhe8 32. b4 Nd1+ 33. Rxd1 Rc8 34.
Qd6+ Rc6 35. Qf4 Bxd1 36. Qxg5 Bf3 37. Qxh5 Rf6 38. Qg5 Ree6 39. Kg1 gxh3 40.
Bxh3 1/2-1/2